Диаграмма состояния системы фторид калия-трифторид брома; Известия Томского политехнического университета [Известия ТПУ]; Т. 322, № 3 : Химия
| Parent link: | Известия Томского политехнического университета [Известия ТПУ]/ Томский политехнический университет (ТПУ).— , 2000- Т. 322, № 3 : Химия.— 2013.— [С. 38-41] |
|---|---|
| Autres auteurs: | , , , , |
| Résumé: | Заглавие с титульного листа Электронная версия печатной публикации Экспериментальными методами проведено исследование фазовых равновесий в системе фторид калия-трифторид брома в области концентраций от 0 до 0,7 мольных долей KF и построена диаграмма состояния, соответствующая этой части системы. Определена зависимость растворимости тетрафторобромата калия в трифториде брома от температуры. Экспериментально установлены состав и температура эвтектики в области фазовой диаграммы с малым содержанием фторида калия. По результатам термогравиметрического анализа разложения KBrF4 построена диаграмма состояния системы KF-BrF3 в области высоких температур. |
| Langue: | russe |
| Publié: |
2013
|
| Collection: | Химия |
| Sujets: | |
| Accès en ligne: | http://earchive.tpu.ru/bitstream/11683/4712/1/bulletin_tpu-2013-322-3-10.pdf |
| Format: | Électronique Chapitre de livre |
| KOHA link: | https://koha.lib.tpu.ru/cgi-bin/koha/opac-detail.pl?biblionumber=236624 |
MARC
| LEADER | 00000naa2a2200000 4500 | ||
|---|---|---|---|
| 001 | 236624 | ||
| 005 | 20250826144010.0 | ||
| 035 | |a (RuTPU)RU\TPU\book\257790 | ||
| 035 | |a RU\TPU\book\257786 | ||
| 090 | |a 236624 | ||
| 100 | |a 20130425d2013 k y0rusy50 ca | ||
| 101 | 0 | |a rus | |
| 102 | |a RU | ||
| 135 | |a drnn ---uucaa | ||
| 181 | 0 | |a i | |
| 182 | 0 | |a b | |
| 200 | 1 | |a Диаграмма состояния системы фторид калия-трифторид брома |f С. И. Ивлев [и др.] | |
| 203 | |a Текст |c электронный | ||
| 215 | |a 1 файл (514 Кб) | ||
| 225 | 1 | |a Химия | |
| 300 | |a Заглавие с титульного листа | ||
| 300 | |a Электронная версия печатной публикации | ||
| 320 | |a [Библиогр.: с. 41 (10 назв.)] | ||
| 330 | |a Экспериментальными методами проведено исследование фазовых равновесий в системе фторид калия-трифторид брома в области концентраций от 0 до 0,7 мольных долей KF и построена диаграмма состояния, соответствующая этой части системы. Определена зависимость растворимости тетрафторобромата калия в трифториде брома от температуры. Экспериментально установлены состав и температура эвтектики в области фазовой диаграммы с малым содержанием фторида калия. По результатам термогравиметрического анализа разложения KBrF4 построена диаграмма состояния системы KF-BrF3 в области высоких температур. | ||
| 337 | |a Adobe Reader | ||
| 461 | 1 | |0 (RuTPU)RU\TPU\book\176237 |t Известия Томского политехнического университета [Известия ТПУ] |f Томский политехнический университет (ТПУ) |d 2000- | |
| 463 | 1 | |0 (RuTPU)RU\TPU\book\257547 |x 1684-8519 |t Т. 322, № 3 : Химия |v [С. 38-41] |d 2013 | |
| 610 | 1 | |a тетрафторобромат калия | |
| 610 | 1 | |a трифторид брома | |
| 610 | 1 | |a фторид калия | |
| 610 | 1 | |a диаграмма состояния | |
| 610 | 1 | |a термогравиметрический анализ | |
| 610 | 1 | |a труды учёных ТПУ | |
| 610 | 1 | |a электронный ресурс | |
| 701 | 1 | |a Ивлев |b С. И. |c химик-технолог |c ассистент Томского политехнического университета, кандидат химических наук |f 1987- |g Сергей Иванович |3 (RuTPU)RU\TPU\pers\28597 |9 13416 | |
| 701 | 1 | |a Соболев |b В. И. |c химик-технолог |c инженер-проектировщик Томского политехнического университета |f 1989- |g Василий Игоревич |3 (RuTPU)RU\TPU\pers\30113 |9 14519 | |
| 701 | 1 | |a Шагалов |b В. В. |c химик |c доцент Томского политехнического университета, кандидат химических наук |f 1982- |g Владимир Владимирович |3 (RuTPU)RU\TPU\pers\25867 |9 11735 | |
| 701 | 1 | |a Оствальд |b Р. В. |c химик-технолог |c доцент Томского политехнического университета, кандидат химических наук |f 1980- |g Роман Вячеславович |3 (RuTPU)RU\TPU\pers\25864 |9 11732 | |
| 701 | 1 | |a Жерин |b И. И. |c российский химик |c профессор Томского политехнического университета, доктор химических наук |f 1955- |g Иван Игнатьевич |3 (RuTPU)RU\TPU\pers\25854 |9 11723 | |
| 801 | 1 | |a RU |b 63413507 |c 20090623 |g PSBO | |
| 801 | 2 | |a RU |b 63413507 |c 20220126 |g PSBO | |
| 856 | 4 | |u http://earchive.tpu.ru/bitstream/11683/4712/1/bulletin_tpu-2013-322-3-10.pdf | |
| 942 | |c CF | ||